000 02919nam a2200277 a 4500
001 000018959
003 DO-SdBNP
005 20211208082050.0
008 100521s2006 dr r 001 p spa d
020 _a9993442607
040 _aDO-SdBNP
_bspa
_cBNPHU
082 4 _222
_bS693c
245 1 0 _aA la sombra del cañaveral :
_bantología de poetas del Este /
_cIsael Pérez ; presentación Alejandro Arvelo.
260 _aSanto Domingo :
_bDirección General de la Feria del Libro,
_c2006.
_fBúho
300 _a242 p. ;
_c23 cm.
490 1 _aFerilibro
_v99
500 _aIncluye datos biográficos del autor en la solapa
500 _aIncluye datos biograficos de los poetas al pie de la páginas
505 2 _aPresentación / Alejandro Arvelo -- La literatura dominicana en la región este / Isael Pérez -- Había una vez un hombre llamado sándalo / Néstor Caro -- La máscara del tiempo / Avelino Sanley -- Ni la muerte lo quería / Miguel Ángel Gómez -- La iniciación / Fernando Ureña Rib -- Deseo de cristal / Rómulo Zorrilla -- Poético poético / Néstor García -- Los pavos de don Paipulá, el ignominioso / Héctor Payano -- Chito / José Rijo -- En busca del enganche / Ramóm Marrero Aristy -- Cuando los perros se amarraban con longaniza / Justiniano Estévez Aristy -- El juez que se volvió loco / Celio Guerrero -- Muertos que no hacen ruidos / Daniel del Carpio -- Historia de la mujer que se transforma / Rafael Peralta Romero -- La mujer del guerrillero / Bonaparte Gautreaux Piñeyro -- Ay, Rosalía / Juan Carlos Mieses -- Los reinos de la ternura / Héctor Williams Zorrilla -- El deseo de morir en su tierra / Juan Martínez Montero -- Posesión / Sélvido Candelario -- Juan Bobo y Pedro Animal / Cecilio Díaz Carela -- Tres granos de sal / Juan Pradios Rojas -- Antes que la luz se acabe / Aquiles Julián -- La niña Ana / Billy Laureano -- ¿Porque lo Hiciste? / Ricardo Vega -- Siete letras / Miguel Solano -- La novia del coronel era un travesti / Abel Astacio -- No duermes en cuarto ajeno / Jesús Morales -- Ahora que vuelvo, Ton / René del Risco Bermúdez -- Senectud / Miguel Phipps Cueto -- La muerte espera en el tranquilo barrio de gascue / Herman Mella Chavier -- Dar para recibir / María Aybar -- El sueño / Bernot Berry Martínez -- No eres un hombre, hijo / Iván García Guerra -- El viaje / Manuel Luna Vásquez -- Charlie / Ricardo Nieves -- La que nunca fue / Bruno Silié -- La dama del lago / Teresita Beltré -- La historia de un perro / Miguel Ángel Monclús -- ¿Qué responden? / Edgar Reyes Tejada -- Oneyda / Claudio Alberto Mustafá -- El Aqueybana o cacique yaquimo / Héctor
650 4 _aPoesía dominicana
_xColecciones
_9351
650 4 _aLiteratura dominicana
_xColecciones
_9352
651 4 _aRepública Dominicana
_xAntologias literarias
_940797
700 1 _aArvelo, Alejandro
_9147
830 0 _aFerilibro
_n99
_940798
942 _2ddc
_cLBS1
999 _c18477
_d18477